[Event "Charlotte Spring IM-A"]
[Site "Charlotte"]
[Date "2025.04.20"]
[Round "8"]
[White "Yang, Daniel1"]
[Black "Yang, Qindong"]
[Result "1/2-1/2"]
[WhiteElo "2127"]
[BlackElo "2229"]
[PlyCount "52"]
[EventDate "2025.04.16"]
[EventType "tourn"]
[EventRounds "9"]
[EventCountry "USA"]
[EventCategory "1"]
[SourceTitle "CB17_2025"]
[SourceDate "2025.04.23"]
[SourceVersion "1"]
[SourceVersionDate "2025.04.23"]
[SourceQuality "1"]

1. d4 Nf6 2. c4 e6 3. Nf3 Bb4+ 4. Bd2 Bxd2+ 5. Qxd2 d5 6. Nc3 0-0 7. e3 b6 8. cxd5 exd5 9. Bd3 Bb7 10. b4 Nbd7 11. 0-0 Re8 12. Rfc1 c6 13. Rab1 Qe7 14. Qc2 g6 15. Nd2 Qd6 16. h3 Kg7 17. a4 a5 18. bxa5 Rxa5 19. Nb3 Ra7 20. a5 bxa5 21. Nxa5 Rxa5 22. Rxb7 Rea8 23. Rcb1 Ra3 24. R7b3 Rxb3 25. Qxb3 Rb8 26. Qc2 Rxb1+ 1/2-1/2

[Event "Charlotte Spring IM-A"]
[Site "Charlotte"]
[Date "2025.04.19"]
[Round "6"]
[White "Vinod, Aarush"]
[Black "Yang, Qindong"]
[Result "1/2-1/2"]
[WhiteElo "2222"]
[BlackElo "2229"]
[PlyCount "36"]
[EventDate "2025.04.16"]
[EventType "tourn"]
[EventRounds "9"]
[EventCountry "USA"]
[EventCategory "1"]
[SourceTitle "CB17_2025"]
[SourceDate "2025.04.23"]
[SourceVersion "1"]
[SourceVersionDate "2025.04.23"]
[SourceQuality "1"]

1. e4 c5 2. Nf3 d6 3. d4 cxd4 4. Nxd4 Nf6 5. Nc3 a6 6. Qd3 Nbd7 7. Be2 b5 8. Nd5 Bb7 9. a4 bxa4 10. 0-0 e6 11. Nxf6+ Nxf6 12. Rxa4 Bxe4 13. Qa3 Be7 14. f3 Bb7 15. Bxa6 Bxa6 16. Rxa6 Rxa6 17. Qxa6 Nd7 18. Be3 0-0 1/2-1/2

[Event "Charlotte Spring IM-A"]
[Site "Charlotte"]
[Date "2025.04.18"]
[Round "5"]
[White "Yang, Qindong"]
[Black "Petenyi, Tamas"]
[Result "0-1"]
[WhiteElo "2229"]
[BlackElo "2266"]
[PlyCount "70"]
[EventDate "2025.04.16"]
[EventType "tourn"]
[EventRounds "9"]
[EventCountry "USA"]
[EventCategory "1"]
[SourceTitle "CB17_2025"]
[SourceDate "2025.04.23"]
[SourceVersion "1"]
[SourceVersionDate "2025.04.23"]
[SourceQuality "1"]

1. d4 g6 2. e4 Bg7 3. c4 e6 4. Nc3 Ne7 5. Nf3 0-0 6. Be2 d5 7. 0-0 dxe4 8. Nxe4 Nbc6 9. Bg5 f6 10. Bc1 b6 11. Nc3 Nf5 12. d5 Nce7 13. dxe6 Bxe6 14. Bf4 g5 15. Qxd8 Raxd8 16. Bxc7 Rd7 17. Bg3 g4 18. Ne1 Nd4 19. Bd3 f5 20. Bf4 Ng6 21. Be3 f4 22. Bxd4 Bxd4 23. Bxg6 hxg6 24. Nc2 Bg7 25. Nb4 Bxc4 26. Rfd1 Rfd8 27. Nc6 Rxd1+ 28. Rxd1 Rxd1+ 29. Nxd1 a5 30. a3 Kf7 31. Nc3 Ke6 32. f3 Kd7 33. Na7 Bxc3 34. bxc3 gxf3 35. gxf3 Kc7 0-1

[Event "New York 1000 GM Spring IM-C"]
[Site "New York"]
[Date "2024.03.29"]
[Round "5"]
[White "Yudasin, Leonid"]
[Black "Yang, Qindong"]
[Result "1/2-1/2"]
[WhiteElo "2337"]
[BlackElo "2234"]
[PlyCount "38"]
[EventDate "2024.03.27"]
[EventType "tourn"]
[EventRounds "9"]
[EventCountry "USA"]
[EventCategory "1"]
[SourceTitle "CBM 219 Extra"]
[Source "ChessBase"]
[SourceDate "2024.05.31"]
[SourceVersion "1"]
[SourceVersionDate "2024.05.31"]
[SourceQuality "1"]

1. e4 c5 2. Nf3 d6 3. Bb5+ Nd7 4. d4 cxd4 5. Qxd4 a6 6. Bxd7+ Bxd7 7. c4 e5 8. Qd3 b5 9. Nc3 bxc4 10. Qxc4 h6 11. 0-0 Nf6 12. Qd3 Be7 13. Nd2 Be6 14. Nc4 Qc7 15. Ne3 0-0 16. b3 Rfc8 17. Ncd5 Nxd5 18. Nxd5 Bxd5 19. Qxd5 Qc6 1/2-1/2

[Event "New York 1000 GM Fall IM-C"]
[Site "New York"]
[Date "2023.11.11"]
[Round "7"]
[White "Yang, Qindong"]
[Black "Ho, Carter"]
[Result "1/2-1/2"]
[WhiteElo "2230"]
[BlackElo "2116"]
[PlyCount "78"]
[EventDate "2023.11.08"]
[EventType "tourn"]
[EventRounds "9"]
[EventCountry "USA"]
[SourceTitle "CBM 217 Extra"]
[Source "ChessBase"]
[SourceDate "2024.01.31"]
[SourceVersion "1"]
[SourceVersionDate "2024.01.31"]
[SourceQuality "1"]

1. d4 Nf6 2. c4 e6 3. g3 d5 4. Bg2 Bb4+ 5. Nd2 0-0 6. Ngf3 dxc4 7. 0-0 b5 8. a4 c6 9. Ne1 Nd5 10. Nc2 Be7 11. e4 Nb6 12. a5 N6d7 13. e5 Bb7 14. b3 cxb3 15. Nxb3 Na6 16. Qg4 Kh8 17. Rd1 Qc7 18. Bf4 g5 19. Bxg5 Rg8 20. h4 Bxg5 21. hxg5 c5 22. Bxb7 Qxb7 23. Qf4 c4 24. Nd2 Nc7 25. Ne3 Nd5 26. Nxd5 Qxd5 27. Ne4 b4 28. Nd6 c3 29. Rdc1 Rac8 30. Qxf7 Rg7 31. Qf4 Rf8 32. Qe4 Qxe4 33. Nxe4 Nb8 34. Nc5 Re7 35. Rab1 Nc6 36. Na6 Rb7 37. Nc5 Re7 38. Na6 Nxd4 39. Kf1 Rb7 1/2-1/2

[Event "New York Marshall Labor Day IM"]
[Site "New York"]
[Date "2023.09.04"]
[Round "9"]
[White "Johnson, Donald"]
[Black "Yang, Qindong"]
[Result "1/2-1/2"]
[WhiteElo "2175"]
[BlackElo "2197"]
[PlyCount "156"]
[EventDate "2023.08.31"]
[EventType "tourn"]
[EventRounds "9"]
[EventCountry "USA"]
[SourceTitle "CBM 216 Extra"]
[Source "ChessBase"]
[SourceDate "2023.11.30"]
[SourceVersion "1"]
[SourceVersionDate "2023.11.30"]
[SourceQuality "1"]

1. d4 Nf6 2. c4 g6 3. g3 Bg7 4. Bg2 0-0 5. Nc3 d6 6. Nf3 Nc6 7. 0-0 a6 8. b3 Rb8 9. d5 Na5 10. Bg5 b5 11. cxb5 axb5 12. b4 Nc4 13. Qb3 h6 14. Nxb5 hxg5 15. Qxc4 Nxd5 16. Nxg5 Bxa1 17. Bxd5 e6 18. Qh4 Kg7 19. Qh7+ Kf6 20. Bc4 d5 21. Bd3 Bd7 22. Rxa1 Bxb5 23. Bxb5 Rxb5 24. Qh4 Ke7 25. Nh7+ g5 26. Nxg5 Kd7 27. a4 Rb8 28. Nh7 Rh8 29. Nf6+ Kc8 30. Qd4 Rh6 31. Ng4 Qh8 32. Qxh8+ Rxh8 33. b5 c5 34. bxc6 Kc7 35. Ne5 Rh7 36. a5 Ra8 37. Ra3 Kd6 38. f4 f6 39. Nd7 Rf7 40. Rc3 Kc7 41. Rc5 Ra6 42. f5 exf5 43. Nb6 Kd6 44. Rxd5+ Kxc6 45. Rxf5 Kd6 46. Kf2 Ke6 47. Rc5 Rfa7 48. Nc8 Rd7 49. Nb6 Rd2 50. Rc6+ Kf7 51. Rc5 Ra2 52. Nc4 Ra4 53. g4 Re6 54. Ne3 Rf4+ 55. Kg3 Rfe4 56. Nf5 Rxe2 57. Rc7+ Kf8 58. Rc8+ Re8 59. Rc6 R2e6 60. Rc7 Ra8 61. Kh4 Rxa5 62. Kh5 Re4 63. h3 Ra3 64. h4 Raa4 65. Nh6 Ke8 66. Rg7 Re6 67. Nf5 Kf8 68. Rg6 Ra7 69. Rh6 Kg8 70. Kg6 Re4 71. Kxf6 Rxg4 72. Ne7+ Rxe7 73. Kxe7 Kg7 74. Rh5 Kg6 75. Rh8 Kg7 76. Rh5 Kg6 77. Rg5+ Rxg5 78. hxg5 Kxg5 1/2-1/2

[Event "New York Marshall Labor Day IM"]
[Site "New York"]
[Date "2023.09.01"]
[Round "3"]
[White "Rorrer, Grayson"]
[Black "Yang, Qindong"]
[Result "1/2-1/2"]
[WhiteElo "2287"]
[BlackElo "2197"]
[PlyCount "96"]
[EventDate "2023.08.31"]
[EventType "tourn"]
[EventRounds "9"]
[EventCountry "USA"]
[SourceTitle "CBM 216 Extra"]
[Source "ChessBase"]
[SourceDate "2023.11.30"]
[SourceVersion "1"]
[SourceVersionDate "2023.11.30"]
[SourceQuality "1"]

1. d4 Nf6 2. c4 e6 3. g3 Bb4+ 4. Bd2 a5 5. Bg2 d6 6. e3 e5 7. Ne2 Bxd2+ 8. Qxd2 0-0 9. Nbc3 Nc6 10. 0-0 Bd7 11. h3 Re8 12. f4 exd4 13. Nxd4 Nxd4 14. Qxd4 Qb8 15. e4 Qa7 16. Qxa7 Rxa7 17. Rad1 Bc6 18. Rfe1 Raa8 19. e5 dxe5 20. fxe5 Nh5 21. Kf2 Bxg2 22. Kxg2 Red8 23. Kf3 g6 24. Nd5 c6 25. Nb6 Rab8 26. Rd6 Ng7 27. Nd7 Rbc8 28. Nf6+ Kh8 29. Red1 Ne6 30. Rd7 Kg7 31. Ne4 b6 32. Ke3 c5 33. Ng5 Nd4 34. Rxf7+ Kg8 35. Rff1 Re8 36. Ke4 Rc7 37. Nf3 Rce7 38. Nxd4 Rxe5+ 39. Kf3 Rf8+ 40. Kg2 cxd4 41. Rxf8+ Kxf8 42. Kf3 Rf5+ 43. Ke2 Re5+ 44. Kf1 Rf5+ 45. Kg1 Re5 46. Rxd4 Re1+ 47. Kf2 Rc1 48. Rf4+ Kg7 1/2-1/2

[Event "Charlotte CCCSA Spring IM-B"]
[Site "Charlotte"]
[Date "2023.03.16"]
[Round "3"]
[White "Yang, Qindong"]
[Black "Sandoval Mercado, Carlos"]
[Result "0-1"]
[WhiteElo "2127"]
[BlackElo "2269"]
[PlyCount "60"]
[EventDate "2023.03.15"]
[EventType "tourn"]
[EventRounds "9"]
[EventCountry "USA"]
[SourceTitle "CBM 213 Extra"]
[Source "ChessBase"]
[SourceDate "2023.05.31"]
[SourceVersion "1"]
[SourceVersionDate "2023.05.31"]
[SourceQuality "1"]

1. d4 Nf6 2. c4 e6 3. Nf3 d5 4. g3 Bb4+ 5. Bd2 Be7 6. Bg2 0-0 7. 0-0 c6 8. Qc2 Nbd7 9. Rd1 a5 10. Bf4 h6 11. Ne5 a4 12. a3 g5 13. Bd2 Nxe5 14. dxe5 Nd7 15. cxd5 exd5 16. Bc3 Nc5 17. Nd2 Bg4 18. Ne4 Nb3 19. Rab1 Qb6 20. Nf6+ Bxf6 21. exf6 Rfe8 22. Bf3 Bxf3 23. exf3 d4 24. Bd2 Qb5 25. h4 Re2 26. hxg5 hxg5 27. Kg2 Rae8 28. Rh1 Rxf2+ 29. Kxf2 Re2+ 30. Kg1 d3 0-1

[Event "Charlotte CCCSA Spring IM-B"]
[Site "Charlotte"]
[Date "2023.03.15"]
[Round "1"]
[White "Martin Del Campo C, Roberto Abel"]
[Black "Yang, Qindong"]
[Result "0-1"]
[WhiteElo "2215"]
[BlackElo "2127"]
[PlyCount "72"]
[EventDate "2023.03.15"]
[EventType "tourn"]
[EventRounds "9"]
[EventCountry "USA"]
[SourceTitle "CBM 213 Extra"]
[Source "ChessBase"]
[SourceDate "2023.05.31"]
[SourceVersion "1"]
[SourceVersionDate "2023.05.31"]
[SourceQuality "1"]

1. e4 c5 2. Nf3 d6 3. d4 cxd4 4. Nxd4 Nf6 5. Nc3 a6 6. Bg5 e6 7. f4 h6 8. Bh4 Qb6 9. a3 Be7 10. Bf2 Qc7 11. Qf3 b5 12. 0-0-0 Bb7 13. g4 d5 14. e5 Ne4 15. Nxe4 dxe4 16. Qe3 Nc6 17. Nxc6 Bxc6 18. Bg2 b4 19. axb4 0-0 20. Qb6 Qc8 21. Qa5 Rb8 22. Bc5 Rb5 23. Qa3 Bxc5 24. bxc5 Bd5 25. Qe3 Qb7 26. b3 Rc8 27. Bf1 Rbxc5 28. c4 Qb4 29. Kb2 Ra5 30. Rc1 Qa3+ 31. Kc2 Bxc4 32. Kd2 Qxc1+ 33. Kxc1 Bd3+ 34. Kb2 Rc2+ 35. Kb1 Re2+ 36. Qxd3 Re1+ 0-1

[Event "Titled Tuesday intern op 28th Feb Late"]
[Site "Chess.com INT"]
[Date "2023.02.28"]
[Round "4"]
[White "Yang, Qindong"]
[Black "Lopez del Alamo, Antonio"]
[Result "1-0"]
[WhiteElo "2138"]
[BlackElo "2275"]
[PlyCount "95"]
[EventDate "2023.02.28"]
[EventType "swiss (blitz)"]
[EventRounds "11"]
[EventCountry "USA"]
[SourceTitle "CBM 213 Extra"]
[Source "ChessBase"]
[SourceDate "2023.05.31"]
[SourceVersion "1"]
[SourceVersionDate "2023.05.31"]
[SourceQuality "1"]

1. d4 Nf6 2. c4 g6 3. Nc3 Bg7 4. e4 d6 5. Be2 0-0 6. Be3 Na6 7. h4 h5 8. f3 c5 9. d5 e6 10. Nh3 exd5 11. cxd5 Nc7 12. Qd2 Bd7 13. a4 a6 14. a5 Rb8 15. Ng5 b5 16. axb6 Rxb6 17. 0-0 Qb8 18. Ra2 Bb5 19. Nxb5 axb5 20. Rfa1 Nd7 21. Ra5 Ne5 22. b3 b4 23. R1a4 Nb5 24. Bxb5 Rxb5 25. Qe2 Rxa5 26. Rxa5 c4 27. bxc4 Qc7 28. Rb5 Rb8 29. Qa2 Nxc4 30. Rxb8+ Qxb8 31. Qxc4 b3 32. Bc1 b2 33. Bxb2 Bxb2 34. Qc6 Be5 35. Qd7 Qb1+ 36. Kf2 Qc2+ 37. Kf1 Qd1+ 38. Kf2 Qd2+ 39. Kf1 Qd1+ 40. Kf2 Bd4+ 41. Kg3 Qe1+ 42. Kh3 Qh1+ 43. Kg3 Be5+ 44. f4 Qe1+ 45. Kh3 Qe3+ 46. g3 Bg7 47. Qxf7+ Kh8 48. Qxg6 1-0

[Event "Titled Tuesday intern op 07th Feb Late"]
[Site "Chess.com INT"]
[Date "2023.02.07"]
[Round "6"]
[White "Necula, Iulian"]
[Black "Yang, Qindong"]
[Result "0-1"]
[WhiteElo "1882"]
[BlackElo "2138"]
[PlyCount "70"]
[EventDate "2023.02.07"]
[EventType "swiss (blitz)"]
[EventRounds "11"]
[EventCountry "USA"]
[SourceTitle "EXT 2024"]
[Source "ChessBase"]
[SourceDate "2023.10.10"]
[SourceVersion "1"]
[SourceVersionDate "2023.10.10"]
[SourceQuality "1"]

1. d4 Nf6 2. Nc3 d5 3. Bf4 c5 4. e4 dxe4 5. d5 a6 6. f3 exf3 7. Nxf3 g6 8. a4 Bg7 9. Bc4 0-0 10. 0-0 Nbd7 11. Re1 Nb6 12. Ba2 c4 13. Ne5 Nbxd5 14. Nxd5 Nxd5 15. Bg3 Be6 16. Bxc4 Rc8 17. b3 Nc7 18. Bxe6 Nxe6 19. Nd7 Bxa1 20. Nxf8 Qxd1 21. Rxd1 Bd4+ 22. Kf1 Kxf8 23. c4 Ke8 24. h4 f5 25. h5 gxh5 26. Ke2 Rd8 27. Rh1 f4 28. Be1 Ng7 29. Bb4 e5 30. Kf3 Kf7 31. g3 fxg3 32. Kxg3 Kg6 33. Rf1 Nf5+ 34. Kf3 Re8 35. Ke4 Ng3+ 0-1

[Event "Titled Tuesday intern op 07th Feb Late"]
[Site "Chess.com INT"]
[Date "2023.02.07"]
[Round "11"]
[White "Yang, Qindong"]
[Black "Tanenbaum, Zachary Chen"]
[Result "1-0"]
[WhiteElo "2138"]
[BlackElo "2244"]
[PlyCount "63"]
[EventDate "2023.02.07"]
[EventType "swiss (blitz)"]
[EventRounds "11"]
[EventCountry "USA"]
[SourceTitle "EXT 2024"]
[Source "ChessBase"]
[SourceDate "2023.10.10"]
[SourceVersion "1"]
[SourceVersionDate "2023.10.10"]
[SourceQuality "1"]

1. d4 d5 2. c4 dxc4 3. e4 b5 4. a4 c6 5. b3 e5 6. Bb2 Nf6 7. axb5 Nxe4 8. Bxc4 Bb4+ 9. Kf1 0-0 10. Nf3 exd4 11. Qxd4 Qxd4 12. Nxd4 Rd8 13. f3 Nf6 14. bxc6 Re8 15. Bc3 Bc5 16. c7 Nbd7 17. Nd2 Bb6 18. Nb5 Re7 19. Bb4 Bc5 20. Bxc5 Nxc5 21. Kf2 Be6 22. Rhe1 Rd7 23. Bxe6 fxe6 24. Rxa7 Rc8 25. Nc4 Nd3+ 26. Ke2 Nxe1 27. Kxe1 Nd5 28. Ncd6 Rdxc7 29. Nxc7 Rb8 30. Nxe6 g6 31. Rg7+ Kh8 32. Nf7# 1-0

[Event "New York Fischer IM"]
[Site "New York"]
[Date "2022.09.05"]
[Round "9"]
[White "Yang, Qindong"]
[Black "Huston, Gus"]
[Result "0-1"]
[WhiteElo "2158"]
[BlackElo "2279"]
[PlyCount "98"]
[EventDate "2022.09.01"]
[EventType "tourn"]
[EventRounds "9"]
[EventCountry "USA"]
[SourceTitle "CBM 210 Extra"]
[Source "ChessBase"]
[SourceDate "2022.11.30"]
[SourceVersion "1"]
[SourceVersionDate "2022.11.30"]
[SourceQuality "1"]

1. d4 Nf6 2. c4 c5 3. d5 b5 4. cxb5 a6 5. bxa6 e6 6. Nc3 exd5 7. Nxd5 Nxa6 8. e4 Be7 9. Bc4 0-0 10. e5 Nxd5 11. Bxd5 Nb4 12. Bxa8 Qa5 13. Ne2 Nc2+ 14. Kf1 Nxa1 15. Bd5 Ba6 16. Bd2 Qb5 17. b3 Qd3 18. Bf3 d6 19. Kg1 dxe5 20. Nc1 Qb1 21. Bd5 Qb2 22. Qe1 Nc2 23. Bc3 Nxe1 24. Bxb2 Rd8 25. Bf3 e4 26. Bg4 Rd2 27. Be5 f5 28. Bf4 Rd5 29. Be2 Bxe2 30. Nxe2 Nf3+ 31. gxf3 Rd1+ 32. Kg2 exf3+ 33. Kxf3 Rxh1 34. Be5 Rd1 35. Nc3 Re1 36. Bc7 Bf6 37. Na4 Bd4 38. Bb6 Rf1 39. Bxc5 Rxf2+ 40. Kg3 Bxc5 41. Nxc5 Rxa2 42. h4 Ra5 43. b4 Rxc5 44. bxc5 Kf7 45. Kf4 Ke6 46. Kg5 h6+ 47. Kf4 h5 48. c6 g6 49. Kg5 Kd6 0-1

[Event "New York Fischer IM"]
[Site "New York"]
[Date "2022.09.04"]
[Round "6"]
[White "Hardaway, Brewington"]
[Black "Yang, Qindong"]
[Result "0-1"]
[WhiteElo "2172"]
[BlackElo "2158"]
[PlyCount "196"]
[EventDate "2022.09.01"]
[EventType "tourn"]
[EventRounds "9"]
[EventCountry "USA"]
[SourceTitle "CBM 210 Extra"]
[Source "ChessBase"]
[SourceDate "2022.11.30"]
[SourceVersion "1"]
[SourceVersionDate "2022.11.30"]
[SourceQuality "1"]

1. e4 c5 2. Nf3 d6 3. d4 cxd4 4. Nxd4 Nf6 5. Nc3 a6 6. Be2 e5 7. Nb3 Be7 8. Be3 Be6 9. Nd5 Nbd7 10. Qd3 0-0 11. 0-0-0 Bxd5 12. exd5 Nb6 13. Bf3 Qc7 14. Kb1 Nc4 15. Bc1 b5 16. Nd2 Nd7 17. g4 Bg5 18. Be4 g6 19. h4 Nc5 20. Qf3 Bxd2 21. Bxd2 Nxd2+ 22. Rxd2 Nxe4 23. Qxe4 Qc4 24. Qg2 Rac8 25. h5 Qf4 26. Rd3 Rc4 27. f3 Rfc8 28. Rc1 e4 29. fxe4 Qxe4 30. Qd2 Qxg4 31. hxg6 fxg6 32. b3 Re4 33. Qa5 Qe2 34. Rd2 Qe3 35. Qxa6 Ree8 36. Rd3 Qc5 37. Qa5 Re5 38. Qd2 Ra8 39. Rf1 Qa7 40. c3 Qe7 41. Qd1 Re2 42. Rd2 Re3 43. Rc2 Qe4 44. Qd4 Qxd4 45. cxd4 Rf8 46. Rh1 h5 47. Rc6 Rf6 48. Rc7 Re2 49. a4 bxa4 50. bxa4 Rf7 51. Rc6 Rb7+ 52. Kc1 Rd7 53. Rg1 Kh7 54. Kb1 Rd2 55. Rc4 Rb7+ 56. Kc1 Ra2 57. Re1 Ra1+ 58. Kd2 Ra2+ 59. Kc3 Ra3+ 60. Kc2 h4 61. Re8 h3 62. Re1 g5 63. Rg1 h2 64. Rh1 Ra2+ 65. Kd3 g4 66. Ke4 Rf2 67. Ke3 g3 68. a5 Re7+ 69. Kd3 Ref7 70. Rcc1 Ra2 71. Ke4 Re2+ 72. Kd3 Ra2 73. Ke4 Rg7 74. Rc3 Rxa5 75. Kf4 Ra8 76. Rxg3 Rf8+ 77. Ke4 Rxg3 78. Rxh2+ Kg7 79. Rh7+ Kf6 80. Rd7 Rg4+ 81. Kd3 Kg5 82. Rxd6 Rff4 83. Kc4 Rxd4+ 84. Kc5 Rc4+ 85. Kb5 Kf5 86. Rd8 Rc1 87. Re8 Rd4 88. Rd8 Ke5 89. Re8+ Kxd5 90. Rh8 Rdc4 91. Rh5+ Ke6 92. Rh6+ Kf7 93. Rh7+ Kg8 94. Rh3 Rc8 95. Rg3+ Kh7 96. Rh3+ Kg6 97. Rg3+ Kh5 98. Kb6 R8c3 0-1

[Event "New York Fischer IM"]
[Site "New York"]
[Date "2022.09.03"]
[Round "5"]
[White "Yang, Qindong"]
[Black "Adewumi, Tanitoluwa"]
[Result "1/2-1/2"]
[WhiteElo "2158"]
[BlackElo "2269"]
[PlyCount "116"]
[EventDate "2022.09.01"]
[EventType "tourn"]
[EventRounds "9"]
[EventCountry "USA"]
[SourceTitle "CBM 210 Extra"]
[Source "ChessBase"]
[SourceDate "2022.11.30"]
[SourceVersion "1"]
[SourceVersionDate "2022.11.30"]
[SourceQuality "1"]

1. d4 Nf6 2. c4 e6 3. g3 d5 4. Bg2 Bb4+ 5. Bd2 Bd6 6. Nf3 0-0 7. 0-0 Nbd7 8. Qc2 c6 9. Bf4 Bxf4 10. gxf4 b6 11. cxd5 cxd5 12. Nc3 Ba6 13. Qa4 Bb7 14. Rfc1 Qe7 15. e3 Rfc8 16. Ne2 a5 17. a3 Ba6 18. Rxc8+ Rxc8 19. Rc1 Qd8 20. Rxc8 Qxc8 21. Qd1 Ne4 22. Ng3 Nd6 23. Ne5 Nf6 24. Bf1 Bxf1 25. Kxf1 h6 26. Kg2 Qc7 27. Ne2 Nd7 28. a4 Nb8 29. Qc1 Qxc1 30. Nxc1 f6 31. Ned3 Nc6 32. b3 Kf7 33. f3 Kg6 34. Ne2 Nf5 35. Kf2 Kh5 36. Ng3+ Kg6 37. Ne2 Kh5 38. Ng3+ Kh4 39. Nxf5+ exf5 40. Kg1 g5 41. fxg5 hxg5 42. Kg2 f4 43. exf4 g4 44. fxg4 Kxg4 45. Kf2 Nxd4 46. b4 Ne6 47. bxa5 bxa5 48. Ke3 Kf5 49. h3 d4+ 50. Kf3 Ng7 51. Nc5 Nh5 52. Nb3 Nxf4 53. Nxd4+ Ke5 54. Nc6+ Kf5 55. Nxa5 Nxh3 56. Nb7 Ng5+ 57. Ke3 Ke5 58. a5 Kd5 1/2-1/2

[Event "New York Spring IM-D"]
[Site "New York"]
[Date "2022.04.17"]
[Round "6"]
[White "Yang, Qindong"]
[Black "Paragua, Mark"]
[Result "0-1"]
[WhiteElo "2126"]
[BlackElo "2460"]
[PlyCount "94"]
[EventDate "2022.04.14"]
[EventType "tourn"]
[EventRounds "9"]
[EventCountry "USA"]
[SourceTitle "CBM 207 Extra"]
[Source "ChessBase"]
[SourceDate "2022.05.31"]
[SourceVersion "1"]
[SourceVersionDate "2022.05.31"]
[SourceQuality "1"]

1. d4 Nf6 2. c4 g6 3. Nf3 Bg7 4. g3 0-0 5. Bg2 d6 6. 0-0 Nbd7 7. Nc3 e5 8. e4 exd4 9. Nxd4 Re8 10. h3 a6 11. b3 Rb8 12. Re1 c5 13. Nc2 b5 14. Qxd6 bxc4 15. bxc4 Ng4 16. hxg4 Bxc3 17. Be3 Be5 18. Qd1 Bxa1 19. Qxa1 Qf6 20. Qxf6 Nxf6 21. Bxc5 Nxg4 22. Nb4 Be6 23. Nc6 Rb7 24. f3 Rc7 25. Ne7+ Rexe7 26. Bxe7 Rxe7 27. fxg4 Bxc4 28. Bf1 Bxf1 29. Kxf1 Rc7 30. e5 Kf8 31. Re3 Rc4 32. Ra3 Rxg4 33. e6 fxe6 34. Kf2 Kf7 35. Rxa6 Kf6 36. a4 Kf5 37. Kf3 Rb4 38. a5 h5 39. Ra8 Rb3+ 40. Kf2 Ra3 41. Rf8+ Kg4 42. Rf6 Ra2+ 43. Ke3 g5 44. Rxe6 Rxa5 45. Rh6 Ra3+ 46. Kf2 Rf3+ 47. Ke2 Rxg3 0-1

[Event "New York Spring IM-D"]
[Site "New York"]
[Date "2022.04.15"]
[Round "3"]
[White "Cervantes Landeiro, Thalia"]
[Black "Yang, Qindong"]
[Result "1-0"]
[WhiteElo "2206"]
[BlackElo "2126"]
[PlyCount "57"]
[EventDate "2022.04.14"]
[EventType "tourn"]
[EventRounds "9"]
[EventCountry "USA"]
[SourceTitle "CBM 207 Extra"]
[Source "ChessBase"]
[SourceDate "2022.05.31"]
[SourceVersion "1"]
[SourceVersionDate "2022.05.31"]
[SourceQuality "1"]

1. d4 Nf6 2. c4 e6 3. Nf3 Bb4+ 4. Nbd2 0-0 5. a3 Bxd2+ 6. Qxd2 b6 7. e3 Bb7 8. b4 c5 9. Be2 d5 10. cxd5 Bxd5 11. dxc5 bxc5 12. 0-0 Nc6 13. bxc5 Ne4 14. Qc2 Qe7 15. Bb2 Qxc5 16. Rac1 Qxc2 17. Rxc2 Rab8 18. Rfc1 h6 19. Nd4 Na5 20. f3 Nd6 21. e4 Bc4 22. Bc3 Nb3 23. Nxb3 Rxb3 24. Bb4 Bxe2 25. Rxe2 Nb5 26. Bxf8 Kxf8 27. a4 Nd4 28. Rd2 Rb4 29. Rc8+ 1-0